[Event "Scarborough CC Jack Frost U1800"]
[Site "Toronto CAN"]
[Date "2012.01.05"]
[Round "1"]
[White "Azmitia, Gabriel"]
[Black "Termeer, Ted"]
[Result "1-0"]
[WhiteElo "1577"]
[BlackElo "1376"]
[PlyCount "119"]
[GameId "2160767909573124"]
[EventDate "2012.01.05"]
[EventType "swiss"]
[EventRounds "6"]
[EventCountry "CAN"]
[SourceTitle "EXT 2022"]
[Source "ChessBase"]
[SourceDate "2021.10.06"]
[SourceVersion "1"]
[SourceVersionDate "2021.10.06"]
[SourceQuality "1"]

1. Nf3 d5 2. d4 e6 3. e3 c5 4. b3 Bd7 5. Bd3 b5 6. Ne5 c4 7. Be2 Nc6 8. Nxd7 Qxd7 9. a3 Nf6 10. b4 Bd6 11. Bb2 O-O 12. Nd2 a5 13. c3 a4 14. f4 Ne7 15. g4 Ne4 16. Nxe4 dxe4 17. h4 f5 18. Bc1 Nd5 19. Bd2 Be7 20. g5 g6 21. h5 Kg7 22. Qc2 Rh8 23. O-O-O Qd8 24. Rdg1 Qc7 25. Qd1 Bd6 26. Qf1 Qf7 27. Rh3 Rag8 28. Kc2 Ne7 29. Rgh1 gxh5 30. Bxh5 Ng6 31. Qf2 Kf8 32. Be2 Rg7 33. Rh6 Qg8 34. Qh2 Kf7 35. Bh5 Bf8 36. Bxg6+ Rxg6 37. Rxh7+ Rxh7 38. Qxh7+ Qg7 39. Qh5 Kg8 40. Rh2 Kf7 41. Qd1 Bd6 42. Qh1 Qf8 43. Rh7+ Rg7 44. Qh5+ Ke7 45. Rh6 Qf7 46. Qh4 Kd7 47. Qh1 Kc6 48. Be1 Kd5 49. Rh8 Rg8 50. Rh7 Rg7 51. Rh6 Rg6 52. Qh5 Rg7 53. g6 Qe8 54. Bh4 Be7 55. Bxe7 Qxe7 56. Rh7 Qf6 57. Rxg7 Qxg7 58. Qh7 Qf6 59. g7 Qf7 60. g8=Q 1-0

[Event "Scarborough CC Jack Frost U1800"]
[Site "Toronto CAN"]
[Date "2012.01.05"]
[Round "1"]
[White "Cui, Gordon"]
[Black "Crnilovic, Grisha"]
[Result "0-1"]
[WhiteElo "1379"]
[BlackElo "1592"]
[PlyCount "100"]
[GameId "2160767909573125"]
[EventDate "2012.01.05"]
[EventType "swiss"]
[EventRounds "6"]
[EventCountry "CAN"]
[SourceTitle "EXT 2022"]
[Source "ChessBase"]
[SourceDate "2021.10.06"]
[SourceVersion "1"]
[SourceVersionDate "2021.10.06"]
[SourceQuality "1"]

1. e4 e5 2. Nf3 Nc6 3. Bc4 Nf6 4. d4 exd4 5. O-O d6 6. Ng5 Ne5 7. Qxd4 h6 8. Nh3 Bxh3 9. Bf4 Nxc4 10. Qxc4 Be6 11. Qa4+ Qd7 12. Qxd7+ Bxd7 13. Nc3 O-O-O 14. Rfe1 g5 15. Be3 Bg7 16. Bd4 c5 17. Bxf6 Bxf6 18. Rad1 Bc6 19. Rd2 Be5 20. Red1 Kc7 21. Rd3 Bxc3 22. Rxc3 Bxe4 23. Re1 Rhe8 24. f3 Bc6 25. Rce3 Rxe3 26. Rxe3 Re8 27. Ra3 a6 28. Kf2 Bb5 29. Re3 Rxe3 30. Kxe3 f5 31. f4 g4 32. Kf2 d5 33. Kg3 Bf1 34. h3 gxh3 35. Kxh3 c4 36. c3 b5 37. a3 a5 38. Kg3 b4 39. axb4 axb4 40. Kf3 d4 41. cxb4 Bxg2+ 42. Kxg2 c3 43. bxc3 dxc3 44. Kh3 c2 45. Kh4 c1=Q 46. Kh5 Qxf4 47. Kg6 Qg5+ 48. Kh7 Kd7 49. b5 Ke7 50. b6 Kf7 0-1

[Event "Scarborough CC Jack Frost U1800"]
[Site "Toronto CAN"]
[Date "2012.01.05"]
[Round "1"]
[White "Graham, John"]
[Black "Gillis, Doug"]
[Result "0-1"]
[WhiteElo "1451"]
[BlackElo "1637"]
[PlyCount "78"]
[GameId "2160767909573126"]
[EventDate "2012.01.05"]
[EventType "swiss"]
[EventRounds "6"]
[EventCountry "CAN"]
[SourceTitle "EXT 2022"]
[Source "ChessBase"]
[SourceDate "2021.10.06"]
[SourceVersion "1"]
[SourceVersionDate "2021.10.06"]
[SourceQuality "1"]

1. Nf3 d5 2. e3 Nf6 3. Nc3 Bg4 4. Be2 e6 5. O-O c5 6. b3 Nc6 7. Bb2 Be7 8. d4 cxd4 9. Nxd4 Bxe2 10. Ncxe2 Rc8 11. Rc1 O-O 12. a3 Qd7 13. Qd3 Ne5 14. Qb5 Neg4 15. h3 Ne5 16. Ng3 Rfd8 17. Rfd1 Qxb5 18. Nxb5 Nc6 19. Nd4 Nxd4 20. exd4 Rc6 21. Rd3 Rdc8 22. c3 Rb6 23. c4 dxc4 24. Rdc3 Nd5 25. Rxc4 Rxc4 26. Rxc4 h6 27. b4 a5 28. Ne4 axb4 29. Nc5 bxa3 30. Bxa3 Rb1+ 31. Bc1 b5 32. Rc2 Nb4 33. Rc3 Na2 34. Rb3 Rxc1+ 35. Kh2 Bxc5 36. Rxb5 Bxd4 37. Rb8+ Kh7 38. Ra8 Nb4 39. Rb8 Be5+ 0-1

[Event "Scarborough CC Jack Frost U1800"]
[Site "Toronto CAN"]
[Date "2012.01.05"]
[Round "1"]
[White "Guo, Tan"]
[Black "Xu, Jeffrey"]
[Result "1-0"]
[WhiteElo "1630"]
[BlackElo "1450"]
[PlyCount "188"]
[GameId "2160767909573127"]
[EventDate "2012.01.05"]
[EventType "swiss"]
[EventRounds "6"]
[EventCountry "CAN"]
[SourceTitle "EXT 2022"]
[Source "ChessBase"]
[SourceDate "2021.10.06"]
[SourceVersion "1"]
[SourceVersionDate "2021.10.06"]
[SourceQuality "1"]

1. e4 e5 2. Nf3 Nc6 3. d4 exd4 4. Nxd4 d6 5. Nxc6 bxc6 6. Bd3 Nf6 7. O-O Be7 8. Nc3 O-O 9. h3 Re8 10. Re1 Bf8 11. Bg5 h6 12. Bh4 Bb7 13. Qd2 Be7 14. Re2 Nd7 15. Bg3 Bh4 16. Qf4 Bg5 17. Qf3 Ne5 18. Bxe5 Rxe5 19. Qg3 Qf6 20. Rf1 Bf4 21. Qg4 Bc8 22. Qf3 Qg5 23. g3 Bxh3 24. Qxf4 Bxf1 25. Qxg5 hxg5 26. Kxf1 Rb8 27. b3 Rbe8 28. Bc4 g4 29. Re3 Kf8 30. Ke2 Ke7 31. b4 f6 32. Kd2 Rb8 33. a3 a5 34. Na2 axb4 35. Nxb4 Kd7 36. Be2 Rg5 37. Rc3 c5 38. Nd5 Kc6 39. Ne3 Re5 40. Bxg4 Ra8 41. Be2 Kb7 42. Rb3+ Kc8 43. Nf5 g6 44. f4 Rxf5 45. exf5 gxf5 46. Bd3 Kd8 47. Bxf5 Ra4 48. Bd3 d5 49. Rb8+ Ke7 50. Bb5 Rxa3 51. Re8+ Kd6 52. Re3 Ra8 53. g4 Rb8 54. Bf1 Rb4 55. Rf3 Rd4+ 56. Kc3 Ra4 57. Bg2 Rc4+ 58. Kd2 c6 59. Bh3 Ke7 60. g5 Rd4+ 61. Ke2 fxg5 62. fxg5 Rb4 63. g6 Re4+ 64. Kf1 Re5 65. Rf7+ Ke8 66. Bd7+ Kd8 67. g7 Rg5 68. Rf8+ Kxd7 69. g8=Q Rxg8 70. Rxg8 c4 71. Ke2 Kd6 72. Ke3 c5 73. c3 Ke5 74. Rg5+ Kd6 75. Kf4 d4 76. cxd4 cxd4 77. Ke4 d3 78. Kd4 d2 79. Rg1 c3 80. Kxc3 Ke5 81. Kxd2 Ke4 82. Rg5 Kd4 83. Ra5 Ke4 84. Kc3 Ke3 85. Ra4 Ke2 86. Rb4 Ke3 87. Rd4 Ke2 88. Rd3 Kf2 89. Kd2 Kf1 90. Rc3 Kf2 91. Re3 Kf1 92. Re2 Kg1 93. Ke1 Kh1 94. Re3 Kg2 1-0

[Event "Scarborough CC Jack Frost U1800"]
[Site "Toronto CAN"]
[Date "2012.01.05"]
[Round "1"]
[White "Karpik, Steve"]
[Black "Armstrong, Robert J"]
[Result "0-1"]
[WhiteElo "1495"]
[BlackElo "1699"]
[PlyCount "88"]
[GameId "2160767909573128"]
[EventDate "2012.01.05"]
[EventType "swiss"]
[EventRounds "6"]
[EventCountry "CAN"]
[SourceTitle "EXT 2022"]
[Source "ChessBase"]
[SourceDate "2021.10.06"]
[SourceVersion "1"]
[SourceVersionDate "2021.10.06"]
[SourceQuality "1"]

1. Nf3 g6 2. g3 Bg7 3. c4 c5 4. Bg2 Nf6 5. Nc3 O-O 6. O-O e6 7. d3 d5 8. cxd5 exd5 9. Rb1 Nc6 10. a3 a5 11. Bf4 Bf5 12. Nh4 Bg4 13. Nb5 b6 14. h3 Bd7 15. Bc7 Qc8 16. Bxb6 Ne5 17. Nc7 Rb8 18. Bxc5 Qxc7 19. Bxf8 Kxf8 20. Qd2 a4 21. Rfc1 Qd6 22. Qf4 Nh5 23. Qe3 Nc6 24. Qc5 Qxc5 25. Rxc5 Rxb2 26. Rxb2 Bxb2 27. Rxd5 Ke7 28. Rc5 Nd4 29. e3 Ne6 30. Ra5 Bxa3 31. Ra7 Bc5 32. Rb7 a3 33. Bd5 Bd6 34. Ra7 Nf6 35. Ba2 Bc5 36. Rb7 Nd8 37. Rb1 Bxh3 38. d4 Bd6 39. Nf3 Bf5 40. Ra1 Ne4 41. Ne1 Nc3 42. Bc4 Nc6 43. Nd3 Na5 44. Nc1 Nxc4 0-1

[Event "Scarborough CC Jack Frost U1800"]
[Site "Toronto CAN"]
[Date "2012.01.05"]
[Round "1"]
[White "Kurkowski, Ken"]
[Black "Thornton, Bill"]
[Result "0-1"]
[WhiteElo "1604"]
[BlackElo "1383"]
[PlyCount "66"]
[GameId "2160767909573129"]
[EventDate "2012.01.05"]
[EventType "swiss"]
[EventRounds "6"]
[EventCountry "CAN"]
[SourceTitle "EXT 2022"]
[Source "ChessBase"]
[SourceDate "2021.10.06"]
[SourceVersion "1"]
[SourceVersionDate "2021.10.06"]
[SourceQuality "1"]

1. d4 d5 2. Nf3 c6 3. c4 Nf6 4. e3 e6 5. Nbd2 dxc4 6. Bxc4 Be7 7. O-O O-O 8. b3 Nbd7 9. Bb2 Re8 10. Qc2 Nb6 11. Bd3 Nbd5 12. a3 h6 13. Ne5 a5 14. f4 Nxe3 15. Qb1 Nxf1 16. Qxf1 Bd7 17. Qf3 Nd5 18. Rf1 Bf6 19. Ndc4 Qc7 20. a4 b5 21. Nxd7 Qxd7 22. Ne5 Qb7 23. axb5 cxb5 24. Be4 Rac8 25. f5 Rf8 26. Nxf7 Rxf7 27. Kh1 Bg5 28. Qd3 Rcf8 29. Bc1 Bxc1 30. Rxc1 exf5 31. Bf3 Nb4 32. Bxb7 Nxd3 33. Rd1 Nf2+ 0-1

[Event "Scarborough CC Jack Frost U1800"]
[Site "Toronto CAN"]
[Date "2012.01.05"]
[Round "1"]
[White "Li, Yinshi"]
[Black "Zhong, Joey"]
[Result "1/2-1/2"]
[WhiteElo "1653"]
[BlackElo "1455"]
[PlyCount "53"]
[GameId "2160767909573130"]
[EventDate "2012.01.05"]
[EventType "swiss"]
[EventRounds "6"]
[EventCountry "CAN"]
[SourceTitle "EXT 2022"]
[Source "ChessBase"]
[SourceDate "2021.10.06"]
[SourceVersion "1"]
[SourceVersionDate "2021.10.06"]
[SourceQuality "1"]

1. d4 Nf6 2. c4 e6 3. Nf3 b6 4. g3 Ba6 5. b3 d5 6. e3 Be7 7. Qc2 O-O 8. Bg2 Nbd7 9. O-O Rc8 10. Ba3 c5 11. Nbd2 b5 12. cxb5 Bxb5 13. Rfc1 Bd6 14. Bf1 Bxf1 15. Kxf1 Qb6 16. Qd3 cxd4 17. Bxd6 Qxd6 18. exd4 Qa3 19. Rc2 Nb6 20. Rac1 Qxc1+ 21. Rxc1 Rxc1+ 22. Kg2 Re8 23. Qa6 Rec8 24. a4 Nbd7 25. a5 R1c6 26. Qb5 Ne8 27. Ne5 1/2-1/2

[Event "Scarborough CC Jack Frost U1800"]
[Site "Toronto CAN"]
[Date "2012.01.05"]
[Round "1"]
[White "Mahendran, Sujeev"]
[Black "Sharpe, Michael"]
[Result "1-0"]
[WhiteElo "1474"]
[BlackElo "1665"]
[PlyCount "54"]
[GameId "2160767909573131"]
[EventDate "2012.01.05"]
[EventType "swiss"]
[EventRounds "6"]
[EventCountry "CAN"]
[SourceTitle "EXT 2022"]
[Source "ChessBase"]
[SourceDate "2021.10.06"]
[SourceVersion "1"]
[SourceVersionDate "2021.10.06"]
[SourceQuality "1"]

1. d4 Nf6 2. c4 g6 3. Nc3 d5 4. e3 Bg7 5. Nf3 O-O 6. Be2 b6 7. O-O Bb7 8. Bd2 Nbd7 9. cxd5 Nxd5 10. Nxd5 Bxd5 11. Rc1 Bxa2 12. b3 c5 13. Qc2 Bxb3 14. Qxb3 a6 15. Bc3 b5 16. dxc5 Nxc5 17. Qc2 Bxc3 18. Qxc3 Na4 19. Qc6 Qb6 20. Qxb6 Nxb6 21. Rc6 Na4 22. Nd4 Rfb8 23. Rc7 Kf8 24. Bf3 Rc8 25. Rxc8+ Rxc8 26. Bb7 Rc7 27. Bxa6 b4 1-0

[Event "Scarborough CC Jack Frost U1800"]
[Site "Toronto CAN"]
[Date "2012.01.05"]
[Round "1"]
[White "Maister, Martin"]
[Black "Radpey, Abdolreza"]
[Result "1-0"]
[WhiteElo "1718"]
[BlackElo "1505"]
[PlyCount "91"]
[GameId "2160767909573132"]
[EventDate "2012.01.05"]
[EventType "swiss"]
[EventRounds "6"]
[EventCountry "CAN"]
[SourceTitle "EXT 2022"]
[Source "ChessBase"]
[SourceDate "2021.10.06"]
[SourceVersion "1"]
[SourceVersionDate "2021.10.06"]
[SourceQuality "1"]

1. c4 g6 2. Nf3 Bg7 3. d4 d6 4. g3 Nf6 5. Nc3 Bg4 6. Bg2 O-O 7. O-O c6 8. h3 Bd7 9. e4 Qc8 10. Kh2 h6 11. Be3 Nh7 12. Qd2 g5 13. h4 f6 14. hxg5 fxg5 15. Rac1 Bg4 16. Ne1 Nd7 17. f3 Bh5 18. Nd3 c5 19. dxc5 Nxc5 20. Nxc5 dxc5 21. b3 Bf7 22. Nd5 Re8 23. f4 e6 24. Nc3 Rd8 25. Qf2 Nf6 26. Bh3 g4 27. Bg2 Nd7 28. Rfd1 b6 29. e5 Rb8 30. Nb5 Ra8 31. Nd6 Qc7 32. Bxa8 Rxa8 33. Nxf7 Kxf7 34. Rd3 h5 35. Rcd1 Rd8 36. f5 Bxe5 37. fxe6+ Kxe6 38. Bf4 Bxf4 39. Qxf4 Qxf4 40. gxf4 h4 41. f5+ Ke7 42. f6+ Ke6 43. f7 a6 44. Rxd7 Rf8 45. R1d6+ Ke5 46. Rg6 1-0

[Event "Scarborough CC Jack Frost U1800"]
[Site "Toronto CAN"]
[Date "2012.01.05"]
[Round "1"]
[White "Pulogarajah, Kaarthic"]
[Black "Pishdad, Hassan"]
[Result "0-1"]
[WhiteElo "1053"]
[BlackElo "1365"]
[PlyCount "114"]
[GameId "2160767909573133"]
[EventDate "2012.01.05"]
[EventType "swiss"]
[EventRounds "6"]
[EventCountry "CAN"]
[SourceTitle "EXT 2022"]
[Source "ChessBase"]
[SourceDate "2021.10.06"]
[SourceVersion "1"]
[SourceVersionDate "2021.10.06"]
[SourceQuality "1"]

1. e4 c5 2. d4 cxd4 3. Qxd4 Nc6 4. Qd1 Nf6 5. Nc3 e6 6. a3 Bc5 7. Nf3 d5 8. e5 Nd7 9. Bb5 Qb6 10. O-O O-O 11. Qe2 a6 12. Bd3 Qc7 13. Bf4 h6 14. b4 Bd4 15. Nxd4 Nxd4 16. Qg4 Nxe5 17. Qg3 f6 18. Bxh6 Rf7 19. f4 Qb6 20. Kh1 Nxd3 21. cxd3 Nf5 22. Qf2 Qxf2 23. Rxf2 Nxh6 24. h3 Nf5 25. Na4 b6 26. Nxb6 Rb8 27. Na4 e5 28. fxe5 fxe5 29. g4 Ne3 30. Rxf7 Kxf7 31. Re1 d4 32. Nb2 Kf6 33. Nc4 Nxc4 34. dxc4 Bb7+ 35. Kh2 Rc8 36. Rf1+ Ke6 37. c5 g6 38. g5 d3 39. Rf6+ Kd5 40. Rxg6 e4 41. Rd6+ Kc4 42. Kg2 Rf8 43. g6 Bd5 44. g7 Rg8 45. Kf2 d2 46. Ke2 e3 47. Rd7 Re8 48. c6 Bxc6 49. Rxd2 exd2+ 50. Kxd2 Rg8 51. Kc2 Rxg7 52. Kb2 Rg2+ 53. Kc1 Rh2 54. b5 Kxb5 55. a4+ Kxa4 56. h4 Kb3 57. Kb1 Rh1# 0-1

[Event "Scarborough CC Jack Frost U1800"]
[Site "Toronto CAN"]
[Date "2012.01.05"]
[Round "1"]
[White "Rutherdale, William"]
[Black "Smith, Maurice"]
[Result "1-0"]
[WhiteElo "1691"]
[BlackElo "1475"]
[PlyCount "80"]
[GameId "2160767909573134"]
[EventDate "2012.01.05"]
[EventType "swiss"]
[EventRounds "6"]
[EventCountry "CAN"]
[SourceTitle "EXT 2022"]
[Source "ChessBase"]
[SourceDate "2021.10.06"]
[SourceVersion "1"]
[SourceVersionDate "2021.10.06"]
[SourceQuality "1"]

1. d4 Nf6 2. c4 c5 3. e3 cxd4 4. exd4 d5 5. Nc3 Bf5 6. Nf3 Nc6 7. a3 h6 8. Be2 e6 9. Bf4 Bd6 10. Bxd6 Qxd6 11. O-O O-O 12. c5 Qd8 13. h3 Ne4 14. Rc1 Nxc3 15. Rxc3 Qf6 16. Qd2 Be4 17. Rd1 Rfd8 18. Ne1 Qe7 19. Rg3 Qf6 20. b4 Ne7 21. Nc2 Bh7 22. Ne3 Ng6 23. Ng4 Qf4 24. Bd3 Qxd2 25. Rxd2 Kh8 26. Bc2 h5 27. Nh2 Rf8 28. Nf3 Ne7 29. Bxh7 Kxh7 30. Ne5 Rad8 31. Rc3 f6 32. Nd3 g5 33. Ne1 e5 34. dxe5 fxe5 35. Nf3 Kh6 36. Nxe5 Rf5 37. Re3 d4 38. Re4 Rd5 39. Nc4 Nc6 40. Nd6 Rfe5 1-0

[Event "Scarborough CC Jack Frost U1800"]
[Site "Toronto CAN"]
[Date "2012.01.05"]
[Round "1"]
[White "Super, Russell"]
[Black "Mesiti, Silvano"]
[Result "1-0"]
[WhiteElo "1401"]
[BlackElo "1605"]
[PlyCount "85"]
[GameId "2160767909573135"]
[EventDate "2012.01.05"]
[EventType "swiss"]
[EventRounds "6"]
[EventCountry "CAN"]
[SourceTitle "EXT 2022"]
[Source "ChessBase"]
[SourceDate "2021.10.06"]
[SourceVersion "1"]
[SourceVersionDate "2021.10.06"]
[SourceQuality "1"]

1. e4 e5 2. Nf3 d6 3. d4 exd4 4. Nxd4 Bd7 5. c4 Nc6 6. Nc3 Nf6 7. Be2 Be7 8. O-O O-O 9. h3 a6 10. Be3 Qc8 11. Kh2 Ne5 12. f4 Nc6 13. Qd2 Re8 14. Bf3 Kh8 15. Rg1 Nxd4 16. Bxd4 Bc6 17. Rae1 Nd7 18. Nd5 f6 19. g4 Bxd5 20. exd5 Bf8 21. Rxe8 Qxe8 22. Re1 Qf7 23. Qe3 Kg8 24. b4 b6 25. a3 a5 26. b5 g6 27. Qe6 Bg7 28. g5 f5 29. Qxf7+ Kxf7 30. Bxg7 Nc5 31. Bf6 Re8 32. Rxe8 Kxe8 33. Bd4 Nd3 34. Kg3 Kf7 35. Be2 Nc1 36. Kf3 Nb3 37. Ke3 Ke7 38. Bd1 Nc5 39. Bxc5 bxc5 40. Kd3 Kf7 41. Kc3 Kg7 42. Kb3 h6 43. h4 1-0

[Event "Scarborough CC Jack Frost U1800"]
[Site "Toronto CAN"]
[Date "2012.01.05"]
[Round "1"]
[White "Veecock, Carl"]
[Black "Yie, Kevin Yi Xiao"]
[Result "0-1"]
[WhiteElo "1373"]
[BlackElo "1573"]
[PlyCount "70"]
[GameId "2160767909573136"]
[EventDate "2012.01.05"]
[EventType "swiss"]
[EventRounds "6"]
[EventCountry "CAN"]
[SourceTitle "EXT 2022"]
[Source "ChessBase"]
[SourceDate "2021.10.06"]
[SourceVersion "1"]
[SourceVersionDate "2021.10.06"]
[SourceQuality "1"]

1. Nf3 d5 2. g3 Nf6 3. Bg2 Bf5 4. O-O e6 5. d3 Be7 6. Nc3 O-O 7. Bf4 c6 8. Re1 h6 9. Nd2 Nh5 10. Bxb8 Rxb8 11. e4 Bg6 12. Bf3 Nf6 13. e5 Nd7 14. d4 c5 15. Nb3 a6 16. dxc5 Nxc5 17. Nxc5 Bxc5 18. Na4 Ba7 19. b4 b5 20. Nc5 Bxc5 21. bxc5 Qc7 22. Qd4 Rfc8 23. c3 Qxc5 24. Qxc5 Rxc5 25. Re3 Rbc8 26. Rd1 Rxc3 27. Rd2 Rxe3 28. fxe3 Rc3 29. Kf2 Rc2 30. Rxc2 Bxc2 31. Ke2 b4 32. Kd2 b3 33. a3 Kf8 34. Be2 a5 35. Bb5 Ke7 0-1

[Event "Scarborough CC Jack Frost U1800"]
[Site "Toronto CAN"]
[Date "2012.01.05"]
[Round "1"]
[White "Vyravanathan, Sobiga"]
[Black "Ward, Dean"]
[Result "1/2-1/2"]
[WhiteElo "1514"]
[BlackElo "1787"]
[PlyCount "59"]
[GameId "2160767909573137"]
[EventDate "2012.01.05"]
[EventType "swiss"]
[EventRounds "6"]
[EventCountry "CAN"]
[SourceTitle "EXT 2022"]
[Source "ChessBase"]
[SourceDate "2021.10.06"]
[SourceVersion "1"]
[SourceVersionDate "2021.10.06"]
[SourceQuality "1"]

1. e4 c5 2. Nf3 d6 3. d4 cxd4 4. Nxd4 Nf6 5. Nc3 a6 6. Be3 e6 7. Be2 Be7 8. O-O O-O 9. Re1 d5 10. Bf3 dxe4 11. Nxe4 Nd5 12. Bd2 Qb6 13. Nb3 Nc6 14. Nc3 Nf6 15. Be3 Qc7 16. Ne4 Rd8 17. Qe2 Ne5 18. Nxf6+ Bxf6 19. Rab1 Nxf3+ 20. Qxf3 Qxc2 21. Rec1 Qf5 22. Qe2 b5 23. Nd2 Bb7 24. Nf3 Bxf3 25. Qxf3 Qd5 26. Qxd5 exd5 27. b3 g6 28. Rc2 d4 29. Bf4 Rac8 30. Rxc8 1/2-1/2

[Event "Scarborough CC Jack Frost U1800"]
[Site "Toronto CAN"]
[Date "2012.01.05"]
[Round "1"]
[White "Zhao, Harry"]
[Black "Liang, Phillip"]
[Result "1/2-1/2"]
[WhiteElo "1303"]
[BlackElo "1524"]
[PlyCount "74"]
[GameId "2160767909573138"]
[EventDate "2012.01.05"]
[EventType "swiss"]
[EventRounds "6"]
[EventCountry "CAN"]
[SourceTitle "EXT 2022"]
[Source "ChessBase"]
[SourceDate "2021.10.06"]
[SourceVersion "1"]
[SourceVersionDate "2021.10.06"]
[SourceQuality "1"]

1. e4 Nf6 2. e5 Nd5 3. d4 d6 4. c4 Nb6 5. exd6 cxd6 6. Nc3 N8d7 7. Nf3 e6 8. Bd3 Nf6 9. O-O Be7 10. Re1 O-O 11. Qc2 h6 12. b3 d5 13. c5 Nbd7 14. b4 a6 15. a4 Qc7 16. Ne2 e5 17. dxe5 Nxe5 18. Nxe5 Qxe5 19. Bf4 Qh5 20. Qd2 Ne4 21. Bxe4 dxe4 22. Ng3 Qg6 23. Rxe4 Rd8 24. Qe2 Be6 25. Rd1 Bh4 26. Red4 Rxd4 27. Rxd4 Bxg3 28. Bxg3 Qb1+ 29. Qd1 Qa2 30. a5 Re8 31. h3 Bb3 32. Qg4 Qb1+ 33. Kh2 Be6 34. Qf3 Bc8 35. Qd1 Qf5 36. Rd8 Qe4 37. f3 Qe7 1/2-1/2

[Event "Scarborough CC Jack Frost U1800"]
[Site "Toronto CAN"]
[Date "2012.01.12"]
[Round "2"]
[White "Aghamalian, Leonid"]
[Black "Li, Yinshi"]
[Result "0-1"]
[WhiteElo "1448"]
[BlackElo "1653"]
[PlyCount "96"]
[GameId "2160767909573139"]
[EventDate "2012.01.05"]
[EventType "swiss"]
[EventRounds "6"]
[EventCountry "CAN"]
[SourceTitle "EXT 2022"]
[Source "ChessBase"]
[SourceDate "2021.10.06"]
[SourceVersion "1"]
[SourceVersionDate "2021.10.06"]
[SourceQuality "1"]

1. e4 e6 2. d4 d5 3. exd5 exd5 4. Nc3 c6 5. Nf3 Bd6 6. Be2 Bf5 7. O-O Nf6 8. Bg5 Nbd7 9. Re1 O-O 10. Bd3 Bxd3 11. Qxd3 Qc7 12. Qf5 Rfe8 13. Bxf6 Nxf6 14. h3 Qb6 15. Reb1 h6 16. Qd3 Ne4 17. Nd2 f5 18. Ncxe4 fxe4 19. Qe3 Rf8 20. c4 Bf4 21. Qc3 Rae8 22. c5 Qc7 23. Re1 Bh2+ 24. Kf1 Bg3 25. Re2 Qf4 26. Qe3 Qxe3 27. Rxe3 Bxf2 28. Ke2 Bxe3 29. Kxe3 Rf7 30. Rf1 Rxf1 31. Nxf1 Rf8 32. Ke2 Rxf1 33. Kxf1 Kf7 34. Ke2 Kf6 35. Ke3 Kg5 36. g3 a5 37. a4 h5 38. Ke2 h4 39. Kf2 hxg3+ 40. Kxg3 e3 41. Kf3 Kh4 42. Kxe3 Kxh3 43. Kf3 g5 44. Kf2 g4 45. Kg1 Kg3 46. b3 Kf3 47. Kf1 g3 48. Kg1 g2 0-1

[Event "Scarborough CC Jack Frost U1800"]
[Site "Toronto CAN"]
[Date "2012.01.12"]
[Round "2"]
[White "Armstrong, Robert J"]
[Black "Azmitia, Gabriel"]
[Result "1-0"]
[WhiteElo "1699"]
[BlackElo "1577"]
[PlyCount "121"]
[GameId "2160767909573140"]
[EventDate "2012.01.05"]
[EventType "swiss"]
[EventRounds "6"]
[EventCountry "CAN"]
[SourceTitle "EXT 2022"]
[Source "ChessBase"]
[SourceDate "2021.10.06"]
[SourceVersion "1"]
[SourceVersionDate "2021.10.06"]
[SourceQuality "1"]

1. g3 g6 2. Bg2 Bg7 3. d3 d6 4. f4 e5 5. fxe5 dxe5 6. e4 Nc6 7. Nf3 Bg4 8. h3 Bd7 9. Nc3 h6 10. Be3 Nf6 11. Qd2 Qe7 12. Nd5 Nxd5 13. exd5 Nd4 14. c3 Nf5 15. g4 Nd6 16. O-O-O b6 17. g5 h5 18. Rde1 O-O-O 19. Bf4 f6 20. gxf6 Bxf6 21. Nxe5 Qg7 22. Nc6 Bxc6 23. dxc6 g5 24. Bh2 Rhe8 25. d4 a6 26. a4 Kb8 27. Qd3 Ka7 28. Rhf1 Rxe1+ 29. Rxe1 g4 30. Bf1 Qg5+ 31. Kc2 Qa5 32. b3 Qf5 33. Qxf5 Nxf5 34. Bxc7 Rc8 35. Be5 Rxc6 36. Bg2 Bh4 37. Bxc6 Bxe1 38. hxg4 hxg4 39. Bd7 Ne3+ 40. Kd3 Bf2 41. Ke2 Bg1 42. Bf4 Nd5 43. Bd2 g3 44. Kf3 Bf2 45. Be6 Ne7 46. Bf4 Be1 47. c4 Nc6 48. d5 Nd4+ 49. Kg2 Ne2 50. Be5 Bb4 51. Bg4 Nc3 52. Kxg3 Ne4+ 53. Kf4 Nd6 54. Kg5 Kb7 55. Kf6 Ne4+ 56. Ke6 Nc5+ 57. Kf7 Ne4 58. Bf5 Ng5+ 59. Ke8 Nf3 60. Bf4 Ka7 61. Bg4 1-0

[Event "Scarborough CC Jack Frost U1800"]
[Site "Toronto CAN"]
[Date "2012.01.12"]
[Round "2"]
[White "Gillis, Doug"]
[Black "Mahendran, Sujeev"]
[Result "0-1"]
[WhiteElo "1637"]
[BlackElo "1424"]
[PlyCount "84"]
[GameId "2160767909573141"]
[EventDate "2012.01.05"]
[EventType "swiss"]
[EventRounds "6"]
[EventCountry "CAN"]
[SourceTitle "EXT 2022"]
[Source "ChessBase"]
[SourceDate "2021.10.06"]
[SourceVersion "1"]
[SourceVersionDate "2021.10.06"]
[SourceQuality "1"]

1. d4 Nf6 2. Nc3 d5 3. Bg5 e6 4. e4 Be7 5. e5 Nfd7 6. Bxe7 Qxe7 7. f4 a6 8. Nf3 c5 9. dxc5 Nxc5 10. Qd2 b5 11. Be2 Nc6 12. O-O b4 13. Nd1 Ne4 14. Qe1 Bd7 15. Bd3 Nc5 16. Qf2 O-O 17. Bxh7+ Kh8 18. Bd3 g6 19. Ne3 Kg7 20. Ng4 Na7 21. Nf6 Bb5 22. Bxb5 Nxb5 23. Qh4 Rh8 24. Nh5+ Kf8 25. Qxe7+ Kxe7 26. Nf6 Nd7 27. Nxd7 Kxd7 28. Rfd1 Rac8 29. Rac1 Rc4 30. g3 Rhc8 31. Rd2 a5 32. b3 R4c5 33. Ng5 Ke7 34. Nh7 Nc3 35. Nf6 Nxa2 36. Rcd1 Nc3 37. Ra1 Ra8 38. Kf1 Nb5 39. h4 Na3 40. Ke2 Rxc2 41. Rxc2 Nxc2 42. Kd3 Nxa1 0-1

[Event "Scarborough CC Jack Frost U1800"]
[Site "Toronto CAN"]
[Date "2012.01.12"]
[Round "2"]
[White "Liang, Phillip"]
[Black "Tismenko, Dennis"]
[Result "0-1"]
[WhiteElo "1524"]
[BlackElo "1407"]
[PlyCount "120"]
[GameId "2160767909573142"]
[EventDate "2012.01.05"]
[EventType "swiss"]
[EventRounds "6"]
[EventCountry "CAN"]
[SourceTitle "EXT 2022"]
[Source "ChessBase"]
[SourceDate "2021.10.06"]
[SourceVersion "1"]
[SourceVersionDate "2021.10.06"]
[SourceQuality "1"]

1. Nf3 Nf6 2. c4 c5 3. Nc3 Nc6 4. g3 g6 5. Bg2 Bg7 6. O-O O-O 7. d4 cxd4 8. Nxd4 Nxd4 9. Qxd4 d6 10. Qd3 Qc7 11. e4 Be6 12. b3 Nd7 13. Be3 Rac8 14. Rac1 Ne5 15. Qd2 Bh3 16. f3 Bxg2 17. Kxg2 f5 18. Nb5 Qd7 19. Nxa7 Rce8 20. f4 Ng4 21. exf5 Qxf5 22. Rf3 Qe4 23. Nb5 Ne5 24. Nd4 Nxf3 25. Nxf3 g5 26. Kf2 gxf4 27. gxf4 h6 28. Rg1 Kh7 29. Rg3 Bf6 30. Kg1 Rg8 31. Qf2 Qb1+ 32. Kg2 Qb2 33. Qxb2 Bxb2 34. a4 Bc3 35. Kf2 Rxg3 36. hxg3 Kg6 37. g4 Kf7 38. f5 Rg8 39. Bxh6 Rxg4 40. Ke3 Kf6 41. Kd3 Bb4 42. Nd4 Bc5 43. Ne6 Bb6 44. Bd2 Kxf5 45. Nf8 Rg3+ 46. Kc2 Ke4 47. Ne6 Rg2 48. Ng5+ Kf5 49. Nf3 Kg4 50. Ne1 Rh2 51. Kd1 e5 52. b4 Bf2 53. Nd3 e4 54. Nxf2+ Rxf2 55. a5 Kf3 56. Bc3 Rf1+ 57. Be1 Ke3 58. b5 Kd4 59. Ke2 Rf3 60. a6 bxa6 0-1